000 01526cam a2200433Ia 4500
001 ocm48051001
003 OCoLC
005 20210222220019.0
008 010928s2001 nyua j 000 1 spa d
010 _a 2001088135
020 _q(board book)
020 _a9780375815058
_q(board book)
035 _a(OCoLC)48051001
040 _aTEF
_beng
_cTEF
_dBAKER
_dBTCTA
_dYDXCP
_dOCLCG
_dKYL
_dBDX
_dE4K
_dNCL
_dOCLCF
_dOCLCQ
_dOCLCO
_dTDS
_dOCL
_dT7B
_dPFLCL
_dOCLCQ
_dIGA
_dTD3
_dOCLCQ
041 1 _aspa
_heng
049 _aORXA
050 1 4 _aPZ10.3.E27
_bA7418 2001
082 0 4 _a[E]
_222
099 _fSPANISH
_ajbb 2001
100 1 _aEastman, P. D.
_q(Philip D.)
240 1 0 _aAre you my mother?
_lSpanish.
245 1 0 _aEres mi Mama? /
_cescrito e ilustrado por P.D. Eastman ; [traduccion de Désirée Márquez].
260 _aNew York :
_bRandom House,
_c[2001]
300 _a1 volume (unpaged) :
_bcolor illustrations ;
_c15 cm.
336 _atext
_btxt
_2rdacontent.
337 _aunmediated
_bn
_2rdamedia.
338 _avolume
_bnc
_2rdacarrier.
490 1 _aBright and early board books.
520 _aThe story of a little bird who has lost its mother.
526 0 _aAccelerated Reader AR
_bLG
_c1.3
_d0.5
_z158193.
650 0 _aBirds
_vJuvenile fiction.
650 0 _aBoard books.
650 7 _aAves
_vNovela juvenil.
_2bidex.
655 7 _aBoard books.
_2lcgft.
690 _aSpanish language edition
_vJuvenile fiction.
700 1 _a Márquez, Désirée.
830 0 _aBright and early board book.
942 _cBK
999 _c19418
_d19418